Normal view
MARC view
Entry Personal Name
001 - CONTROL NUMBER
- control field: 2157
003 - CONTROL NUMBER IDENTIFIER
- control field: OSt
005 - DATE AND TIME OF LATEST TRANSACTION
- control field: 20150715124449.0
008 - FIXED-LENGTH DATA ELEMENTS
- fixed length control field: 150715|| aca||aabn | a|a d
040 ## - CATALOGING SOURCE
- Original cataloging agency: OSt
- Transcribing agency: OSt
100 ## - HEADING--PERSONAL NAME
- Personal name: Rajan, Rajeswari Sunder
670 ## - SOURCE DATA FOUND
- Source citation: Work cat.: (OSt)1668: Rajan, Rajeswari Sunder, Teh Scandal of the State, 2003









